| 000 | 00000nam##2200000za#4500 |
| 001 | 9.692001 |
| 003 | CaOODSP |
| 005 | 20210624233024 |
| 007 | cr ||||||||||| |
| 008 | 150407|2009||||xxc|||||o f|0| 0 eng|d |
| 020 | |a978-1-100-12138-3 |
| 040 | |aCaOODSP|beng |
| 043 | |an-cn--- |
| 086 | 1 |aHS38-16/7-2009E-PDF |
| 110 | 1 |aCanada. |bHuman Resources and Skills Development Canada. |
| 245 | 10|aVocabulary building workbook / |h[electronic resource]|c[issued by] the Office of Literacy and Essential Skills. |
| 260 | |aOttawa - Ontario : |bHuman Resources and Skills Development Canada |cc2009. |
| 300 | |a268p.|bfigs., glossary, tables |
| 500 | |aThe catalogue number (HS38-16/7-2009) and ISBN (978-1-100-12137-6) for the print edition have been incorrectly copied in this electronic publication. |
| 520 | 3 |aDesigned to help you improve your vocabulary. It includes 24 lessons with a variety of exercises to help you learn new words commonly used in the Canadian workplace. |
| 590 | |a11-07-Supp|b2011-05-17 |
| 690 | 07|aTerminology|2gcpds |
| 775 | 08|tCahier d'exercices d'acquisition de vocabulaire / |w(CaOODSP)9.636281 |
| 776 | 0#|tVocabulary building workbook / |w(CaOODSP)9.651524 |
| 856 | 40|ahttp://publications.gc.ca|qPDF|s1.29 MB|uhttps://publications.gc.ca/collections/collection_2011/rhdcc-hrsdc/HS38-16-7-2009-eng.pdf |
| 986 | |aWP-102-12-09E |